Responses for Show #5064 - Thursday, September 21, 2006

Sara Terrell game 4.

Contestants

[<< previous game]

Cathleen Charleson, an actor from Greeneville, Tennessee

Nick Calton, a paralegal originally from New York, New York (whose 1-day cash winnings total $30,400)

Sara Terrell, a veterinary technician from Collinsville, Connecticut (whose 3-day cash winnings total $63,599)

[next game >>]

Jeopardy! Round responses

CHURCHES & CATHEDRALS
THEY WERE THE HOLLYWOOD SQUARES
(Alex: That show premiered about 40 years ago.)
COLORS EN ESPAÑOL
PARENTS
MAUGHAM
"DAD"
    $200 1
St. Peter's Cathedral (in Rome)

Triple Stumper
    $200 6
Paul Lynde

Sara
    $200 11
red

Cathleen
    $200 23
David

Nick
    $200 21
William

Triple Stumper
    $200 16
Baghdad

Sara
    $400 2
Westminster Abbey

Cathleen
    $400 7
(Nick: Who is John Williams?)

Charo

SaraNick
    $400 12
yellow

Nick
    $400 24
Edgar Allan Poe

Cathleen
    $400 22
World War I

Nick
    $400 17
a doodad

Sara
    $600 3
Montreal

Cathleen
    $600 8
(Cathleen: Who is Grandpa?)

Charley Weaver

Cathleen
Triple Stumper
    $600 13
green

Nick
    $1,600 25
(Cathleen: Who is... Smith?)
(Alex: No. Martin Luther King III, the son of Martin Luther King Jr. who was married to Coretta [*] King. That's what we were going for.)

Scott

Cathleen
    $600 28
painting

Triple Stumper
    $600 18
Trinidad

Cathleen
    $800 4
the National Cathedral (in Washington, D.C.)

Triple Stumper
    $800 9
Rose Marie

Triple Stumper
    $800 14
blue

Sara
    $800 26
(Margaret) Truman

Sara
    $800 29
(Alex: Yes. Great novel.)
[The end-of-round signal sounds.]

The Razor's Edge

Nick
    $800 19
Soledad

Cathleen
    $1000 5
St. Mark's Basilica (in Venice)

Nick
    $1000 10
(Alex: That was [*]. See... the show debuted 40 years ago, none of you is 40 years old yet. Some of us are.)

George Gobel

Triple Stumper
    $1000 15
gray

Cathleen
    $1000 27
Mary Wollstonecraft

Sara
    $1000 20
Dada

Triple Stumper

Scores at the first commercial break (after clue 15):

Sara Nick Cathleen
$1,400 $1,600 $1,600

Scores at the end of the Jeopardy! Round:

Sara Nick Cathleen
$3,800 $3,000 $1,800

Double Jeopardy! Round responses

WHERE AM I?
QUOTHE THE FILM
ART "C"
CORPORATE NAME ETYMOLOGY
ROCK
WORDS WITHIN WORDS
(Alex: Each correct response will be a word that can be found within one or two of the words in the clue itself.)
    $400 11
(Santa) Catalina

Nick
    $400 12
Animal House

Nick
    $400 6
Chagall

Cathleen
    $400 23
Arby's

Sara
    $400 1
under (in foundering)

Cathleen
    $800 17
(Alex: And that beautiful setting is [*].)

West Point

Triple Stumper
    $800 13
Meet the Parents

Sara
    $800 7
Cubism

Cathleen
    $800 24
Pepsi

Sara
    $800 19
slate

Cathleen
    $800 2
a rage (in arbitrager)

Sara
    $1200 18
(Alex: Home of the Packers--[*].)

Lambeau Field

Triple Stumper
    $1200 14
The Shawshank Redemption

Sara
    $1200 8
Christo

Triple Stumper
    $1200 25
IKEA

Triple Stumper
    $1200 20
shale

Sara
    $1200 3
the inset (in poinsettia)

Sara
    $1600 28
North Carolina

Triple Stumper
    $1600 15
Oh, God!

Nick
    $1600 9
Alexander Calder

Triple Stumper
    $1600 26
Qantas

Nick
    $1600 21
the moon

Cathleen
    $2,000 4
a duct (in reduction)

Sara
    $2000 29
[The end-of-round signal sounds.]

Jackson Hole

Triple Stumper
    $2000 16
Back to the Future

Sara
    $2000 10
(Paul) Cézanne

Sara
    $7,000 27
(Nick: I think I'm going to have to make this a True Daily Double, Alex.)
(Alex: I think so, too.)

Verizon

Nick
    $2000 22
(Cathleen: What is jade?)

alabaster

Cathleen
Triple Stumper
    $2000 5
the post (in impostor)

Sara

Scores at the end of the Double Jeopardy! Round:

Sara Nick Cathleen
$18,200 $14,000 $3,800

[wagering suggestions for these scores]

Final Jeopardy! Round responses

WORD ORIGINS
(Alex: A couple of popular examples of this kind of word--"military intelligence", "jumbo shrimp".)
CathleenWhat is acumen
$3,799
NickWhat is ?
$14,000
SaraWhat is ?
$10,000
oxymoron

Final scores:

Sara Nick Cathleen
$8,200 $0 $1
4-day champion: $71,799 3rd place: $1,000 2nd place: $2,000

Game dynamics:

Coryat scores:

Sara Nick Cathleen
$17,800 $9,000 $5,400
18 R
(including 1 DD),
0 W
11 R
(including 1 DD),
1 W
12 R,
3 W
(including 1 DD)

Combined Coryat: $32,200

[game clues] [game scores] [suggest correction]

Game tape date: 2006-08-03
The J! Archive is created by fans, for fans. Scraping, republication, monetization, and malicious use prohibited; this site may use cookies and collect identifying information. See terms. The Jeopardy! game show and all elements thereof, including but not limited to copyright and trademark thereto, are the property of Jeopardy Productions, Inc. and are protected under law. This website is not affiliated with, sponsored by, or operated by Jeopardy Productions, Inc. Join the discussion at JBoard.tv.